पुस्तकालय नियम / (Record no. 111616)

MARC details
000 -LEADER
fixed length control field 01164nam a22002657a 4500
005 - DATE AND TIME OF LATEST TRANSACTION
control field 20170124102926.0
010 ## - LIBRARY OF CONGRESS CONTROL NUMBER
LC control number A-894616
020 ## - INTERNATIONAL STANDARD BOOK NUMBER
Terms of availability 150.00
035 ## - SYSTEM CONTROL NUMBER
System control number A-894616
037 ## - SOURCE OF ACQUISITION
Source of stock number/acquisition Cen Lib/Ret
040 ## - CATALOGING SOURCE
Original cataloging agency DPL
Language of cataloging HN
082 ## - DEWEY DECIMAL CLASSIFICATION NUMBER
Classification number 020
Item number सनाढ्य
100 ## - MAIN ENTRY--PERSONAL NAME
Personal name सनाढ्य, हिम्मतलाल
9 (RLIN) 6449
245 ## - TITLE STATEMENT
Title पुस्तकालय नियम /
Statement of responsibility, etc हिम्मतलाल सनाढ्य [और] सुलेमान टाक
246 ## - VARYING FORM OF TITLE
Title proper/short title Pustakalaya niyam /
Remainder of title by Himmatlal Snadhya [and] Suleman Taak
260 ## - PUBLICATION, DISTRIBUTION, ETC. (IMPRINT)
Place of publication, distribution, etc जयपुर
Name of publisher, distributor, etc साहित्यागार
Date of publication, distribution, etc 1997
270 ## - ADDRESS
Address धामानी मार्किट की गली, चौड़ा रास्ता
City जयपुर
300 ## - PHYSICAL DESCRIPTION
Extent 167पृ.
Dimensions 19सेमी(सजिल्द)
650 ## - SUBJECT ADDED ENTRY--TOPICAL TERM
Topical term or geographic name as entry element पुस्तकालय विज्ञान
9 (RLIN) 43758
650 ## - SUBJECT ADDED ENTRY--TOPICAL TERM
Topical term or geographic name as entry element व्यवस्था प्रबंध
9 (RLIN) 1483
650 ## - SUBJECT ADDED ENTRY--TOPICAL TERM
Topical term or geographic name as entry element library science
9 (RLIN) 43759
650 ## - SUBJECT ADDED ENTRY--TOPICAL TERM
Topical term or geographic name as entry element System Management
9 (RLIN) 43760
700 ## - ADDED ENTRY--PERSONAL NAME
Personal name टाक, सुलेमान
9 (RLIN) 43761
942 ## - ADDED ENTRY ELEMENTS (KOHA)
Source of classification or shelving scheme Dewey Decimal Classification
Koha item type Hindi Books
Classification part 020
Call number suffix सनाढ्य
Holdings
Withdrawn status Lost status Damaged status Not for loan Collection code Home library Current library Date acquired Source of acquisition Cost, normal purchase price Total Checkouts Full call number Barcode Date last seen Copy number Cost, replacement price Price effective from Koha item type
      Not For Loan Reference Central Library Central Library 04/08/2015 Cen Lib/Ret 150.00   020 सनाढ्य A-894616 04/08/2015 1 150.00 04/08/2015 Hindi Books

© Delhi Public Library
Hit Counter
free hit counter